Catalog

Record Details

Catalog Search



Available copies

  • 3 of 3 copies available at LARL/NWRL Consortium. (Show)
  • 2 of 2 copies available at Northwest Regional Library.

Current holds

0 current holds with 3 total copies.

Show Only Available Copies
Location Call Number / Copy Notes Barcode Shelving Location Status Due Date
Godel Memorial-Warren Library RAN (Text) 35500005524507 Main Available -
Roseau Public Library RAN (Text) 35500004147102 Main Available -

Record details

  • ISBN: 9780316009133
  • ISBN: 031600913X
  • Physical Description: ix, 258 p. ; 25 cm.
  • Edition: 1st American ed.
  • Publisher: New York : Little, Brown and Co., 2007.
Subject: Adult Mystery
Belfast (Northern Ireland) > Fiction.
Genre: Spy stories.
Suspense fiction.
LDR 01468cam a22003858a 4500
00183172
003LARL_NWRL_CONSORTIUM
00520070821100835.0
008070514r20071988nyu 000 1 eng
020 . ‡a9780316009133
020 . ‡a031600913X
035 . ‡a(OCoLC)128237616
043 . ‡ae-uk-ni
08200. ‡a823/.914 ‡222
1001 . ‡aRankin, Ian. ‡0(LARL_NWRL_CONSORTIUM)153911
24510. ‡aWatchman / ‡cIan Rankin.
250 . ‡a1st American ed.
260 . ‡aNew York : ‡bLittle, Brown and Co., ‡c2007.
300 . ‡aix, 258 p. ; ‡c25 cm.
4900 . ‡aInspector Rebus
650 . ‡aAdult Mystery
651 0. ‡aBelfast (Northern Ireland) ‡vFiction. ‡0(LARL_NWRL_CONSORTIUM)163648
655 7. ‡aSpy stories. ‡2gsafd
655 7. ‡aSuspense fiction. ‡2gsafd
901 . ‡a83172 ‡bOCLC ‡c83172 ‡tbiblio

Additional Resources